| 000 | 00000nas 2200000zi 4500 |
| 001 | 9.909541 |
| 003 | CaOODSP |
| 005 | 20231129100507 |
| 006 | m o d f |
| 007 | cr cn |||||||| |
| 008 | 220328d20222022onc x p o f0###a0eng|d |
| 022 | |a2816-363X |
| 022 | |z9780660414638 |
| 040 | |aCaOODSP|beng|erda|cCaOODSP |
| 043 | |an-cn-bc|an-us-wa |
| 086 | 1 |aFs74-31E-PDF|zFs72-3/29-2022E-PDF |
| 222 | 0|aSailing directions. PAC 201, Juan de Fuca Strait and Strait of Georgia |b(Online) |
| 245 | 00|aSailing directions. |nPAC 201, |pJuan de Fuca Strait and Strait of Georgia. |
| 246 | 30|aJuan de Fuca Strait and Strait of Georgia |
| 264 | 1|aOttawa, Ontario, Canada : |bCanadian Hydrographic Service, Fisheries and Oceans Canada = Service hydrographique du Canada, Pêches et océans Canada, |c-[2022] |
| 310 | |aIrregular |
| 336 | |atext|btxt|2rdacontent |
| 337 | |acomputer|bc|2rdamedia |
| 338 | |aonline resource|bcr|2rdacarrier |
| 362 | 1 |aCeased with: Corrected to 2022/01. |
| 588 | |aDescription based on: Corrected to 2022/01. |
| 588 | |aLatest issue consulted: Corrected to 2022/01. |
| 650 | 0|aNavigation|zJuan de Fuca, Strait of (B.C. and Wash.)|vPeriodicals. |
| 650 | 0|aNavigation|zGeorgia, Strait of (B.C. and Wash.)|vPeriodicals. |
| 655 | 7|aPeriodicals|2lcgft |
| 710 | 2 |aCanadian Hydrographic Service, |eissuing body. |
| 785 | 00|tCanadian sailing directions. |w(CaOODSP)9.909971 |